| 000 | 01148nam0a22002771 4500 | ||
|---|---|---|---|
| 001 | rc\2749117 | ||
| 005 | 20260407140159.0 | ||
| 035 | _a(NLR Aleph) 006876073 | ||
| 090 |
_a6998091 _c6998091 |
||
| 100 | _a20110915d1939 |||y0rusy50 ca | ||
| 101 | 0 | _arus | |
| 102 | _aRU | ||
| 105 | _ay z ||||| | ||
| 200 | 1 |
_aСправедливая война [за освобождение трудящихся Финдяндии] _fСост.: А. Руденко, Л. Богданов |
|
| 210 |
_aКронштадт _cБ. и. _d1939 |
||
| 215 |
_aТит. л., 12 с., без обл. _d20 см. |
||
| 225 | 1 |
_aВ помощь пропагандисту и агитатору _fПолит. упр. Краснознам. Балт. флота |
|
| 300 | _aВ конце текста сост.: А. Руденко, Л. Богданов | ||
| 702 | 1 |
_aРуденко _bА. _4220 |
|
| 702 | 1 |
_aБогданов _bЛ. _4220 |
|
| 712 | 0 | 2 |
_aБалтийский флот _bПолитическое управление _3RU\NLR\AUTH\8810005574 _9508529 |
| 801 | 0 |
_aRU _bNLR _gpsbo |
|
| 801 | 1 |
_aRU _bELAR _2rusmarc |
|
| 852 |
_aNLR _j39-10/6203 |
||
| 942 | _cBOOK | ||
| 980 | _aNB | ||